| 000 | 01022cab a2200241 4500 | ||
|---|---|---|---|
| 001 | WB3412-08 | ||
| 008 | 090401t1998 xxu||||| |||| 00| 0 eng d | ||
| 035 | _a(Sirsi) u85150 | ||
| 041 | _aeng | ||
| 245 | _aRainbow after storm for Manchester | ||
| 260 | _c1998 | ||
| 350 | _a0 | ||
| 490 |
_aProperty Week _v20 62(10) 20 March 1998, 20(1) |
||
| 520 | _aA report by Lambert Smith Hampton and planners Roger Tym & Partners concludes that turnover among retailers in Manchester city centre will have declined by 11 per cent by March 1999 because of the impact of the Trafford Centre which opens in September 1998. However, by 2003 city centre turnover will be three times that of the out-of-town regional centre. | ||
| 650 | _aCITY CENTRE | ||
| 650 | _aLAMBERT SMITH HAMPTON | ||
| 650 | _aMANCHESTER | ||
| 650 | _aPROPERTY-COMMERCIAL PROPERTY-RETAIL PROPERTY-RETAIL PROPERTY MARKET | ||
| 650 | _aTRAFFORD CENTRE | ||
| 690 | _aPROPERTY-COMMERCIAL PROPERTY-RETAIL PROPERTY | ||
| 942 | _n0 | ||
| 948 | _c24/03/1998 | ||
| 999 |
_c53531 _d53531 |
||